00532nam a22001937a 450000500170000001000130001702000110003003500130004103700160005404000120007008200170008211000430009924500290014226000470017127000570021830000200027565000150029565000280031020170124110250.0 aA-806343 c350.00 aA-806343 bCen Lib/Ret aDPLbEN a338.642bSMA aSIRI Borad of Consultants and Engineer aSmall scale industries / bSmall Industry Research Institute aDelhi  bDelhi a4/43, Roop Nagar, Post box No. 2106 e110007 a450p.c22cm(Hb) aEconomics  aSmall scale industries